000 00350nam a2200145Ia 4500
100 _aWhitmore/ Dennis. A
942 _cBK
654 _aMeasurement & Control of Indirect Work
245 _aMeasurement & Control of Indirect Work
260 _bHeinemann
_aLondon
082 _a658.8
_bWHI
300 _a275
546 _aENGLISH
999 _c29100
_d29100